| 000 | 00603nas a2200157 a 4500 | ||
|---|---|---|---|
| 001 | 362 | ||
| 003 | CDMR | ||
| 005 | 20131017111222.0 | ||
| 008 | 130130d1925|||||||a||||||||||||||||spa|d | ||
| 040 |
_aCDMR _bcat _cCDMR |
||
| 110 | 2 |
_aMontepio de Empleados y Corresponsables Administrativos de la Prensa de España _9247 |
|
| 245 | 1 | 0 | _aBoletín del Montepío de Empleados y Corresponsales Administrativos de la Prensa de España |
| 260 |
_aMadrid _c1925- _bMontepío de Empleados y Corresponsales Administrativos de la Prensa de España |
||
| 650 | 0 | 4 |
_93896 _aAssociacions professionals _vRevistes |
| 942 |
_cSER _2udc |
||
| 999 |
_c362 _d362 |
||